Most famous person from every European country - Statistics

General Stats
  • This quiz has been taken 160 times
  • The average score is 5 of 25
Answer Stats
Profession Country Celebrity % Correct
Politician Russia Vladimir Putin
86%
Athlete Portugal Christiano Ronaldo
69%
Scientist Germany Albert Einstein
67%
Youtube Star Sweden PewDiePie
61%
Athlete France Kylian Mbappé
54%
Athlete Poland Robert Lewandowski
43%
Athlete Croatia Luka Modric
41%
Model Slovenia Melania Trump
25%
Actor* Austria Arnold Schwarzenegger
24%
Athlete Monaco Charles Leclerc
23%
Actor UK Tom Holland
13%
Actor Spain Millie Bobby Brown
7%
Actor Romania Sebastian Stan
6%
Musician Ireland Niall Horan
4%
Actor Bulgaria Nina Dobrev
4%
Royal Greece Prince Philipp
4%
Musician Kosovo Rita Ora
4%
Youtube Star Netherlands Jelly
3%
Youtube Star Slovakia David Dobrik
2%
Youtube Star Denmark Crainer
1%
Youtube Star Ukraine Nikocado Avocado
1%
Actor Italy Cole Sprouse
0%
Youtube Star Norway IamSanna
0%
Youtube Star Switzerland James Marriott
0%
Youtube Star Belgium Nikita Dragun
0%
No matching quizzes found
Score Distribution
Percent of People with Each Score
Percentile by Number Answered
Your Score History
You have not taken this quiz